Prénoms des politiciens français - Statistiques

Statistiques générales
  • Ce quiz a été pris 207 fois
  • Le résultat moyen est 29 sur 50
Statistiques - réponses
Hint Réponse % Correct
Chirac Jacques
89%
Mitterrand François
87%
Sarkozy Nicolas
85%
Fillon François
84%
Hollande François
83%
Lassalle Jean
82%
Castex Jean
82%
Bayrou François
81%
Retailleau Bruno
80%
Valls Manuel
80%
Le Maire Bruno
79%
Ciotti Éric
78%
Strauss-Kahn Dominique
77%
Philippe Édouard
77%
Barnier Michel
75%
Poutou Philippe
75%
de Villepin Dominique
74%
Wauquiez Laurent
74%
Véran Olivier
72%
Dupond-Moretti Éric
70%
Hulot Nicolas
69%
Fabius Laurent
68%
Dupont-Aignan Nicolas
67%
Badinter Robert
64%
Balladur Édouard
63%
Larcher Gérard
63%
Ruffin François
61%
Faure Olivier
55%
Mauroy Pierre
54%
Bompard Manuel
52%
Rocard Michel
52%
de Villiers Philippe
49%
Collomb Gérard
46%
Chaban-Delmas Jacques
45%
Besancenot Olivier
45%
Bérégovoy Pierre
45%
Ménard Robert
45%
Woerth Éric
44%
Sapin Michel
43%
Asselineau François
41%
Moscovici Pierre
40%
Hue Robert
40%
Messmer Pierre
33%
Toubon Jacques
31%
Daladier Édouard
28%
Noir Michel
24%
Besson Éric
21%
Longuet Gérard
17%
Charasse Michel
13%
Barrot Jacques
10%
Aucun quiz correspondant
Distribution des résultats
% des personnes avec chaque résultat
Percentile par nombre de réponses
Votre historique - résultats
Vous n’avez pas pris ce quiz